Информационное обеспечение строительства нефтяных и газовых скважин (Запись № 1006891)

Подробности
000 -МАРКЕР
контрольное поле 01759nam0a2200349 4500
001 - ИДЕНТИФИКАТОР ЗАПИСИ
контрольное поле RU\NLR\bibl\177908
005 - ИДЕНТИФИКАТОР ВЕРСИИ
контрольное поле 20260406154247.0
010 ## - МЕЖДУНАРОДНЫЙ СТАНДАРТНЫЙ НОМЕР КНИГИ (ISBN)
Номер (ISBN) 5-93491-004-3
Тираж 121
021 ## - НОМЕР ГОСУДАРСТВЕННОЙ РЕГИСТРАЦИИ
Код страны Российская Федерация
Номер 2001-9805
Номер Листа государственной регистраци 474
035 ## - ДРУГИЕ СИСТЕМНЫЕ НОМЕРА
Идентификатор записи (NLR Aleph) 000174597
100 ## - ДАННЫЕ ОБЩЕЙ ОБРАБОТКИ
Данные общей обработки 20010820d2000 |||y0rusy50 ca
101 0# - ЯЗЫК РЕСУРСА
Язык текста, звукозаписи и т.д. русский
102 ## - СТРАНА ПУБЛИКАЦИИ ИЛИ ПРОИЗВОДСТВА
Страна публикации Российская Федерация
105 ## - ПОЛЕ КОДИРОВАННЫХ ДАННЫХ: ТЕКСТОВЫЕ МАТЕРИАЛЫ, МОНОГРАФИЧЕСКИЕ
Кодированные данные о монографическом текстовом документе a |||||||||
200 1# - ЗАГЛАВИЕ И СВЕДЕНИЯ ОБ ОТВЕТСТВЕННОСТИ
Основное заглавие Информационное обеспечение строительства нефтяных и газовых скважин
Первые сведения об ответственности Ю.М. Басарыгин, В.Ф. Будников, А.И. Булатов, В.И. Демихов
Последующие сведения об ответственности [Отв. ред. А.И. Булатов]
210 ## - ПУБЛИКАЦИЯ, РАСПРОСТРАНЕНИЕ И ДР.
Место издания, распространения и т.д. Краснодар
Имя издателя, распространителя и т. д. Просвещение-Юг
Дата издания, распространения и т.д. 2000
215 ## - ФИЗИЧЕСКАЯ ХАРАКТЕРИСТИКА
Специфическое обозначение материала и объем 316 с.
Другие сведения о физической характеристике ил.
Размеры 21
320 ## - ПРИМЕЧАНИЯ О НАЛИЧИИ В ДОКУМЕНТЕ БИБЛИОГРАФИИ / УКАЗАТЕЛЯ
Текст примечания Библиогр.: с. 299-313 (180 назв.)
606 0# - НАИМЕНОВАНИЕ ТЕМЫ КАК ПРЕДМЕТ
Наименование темы Нефтяные скважины
Тематический подзаголовок Строительство
-- Информационное обеспечение
Системный номер авторитетной/нормативной записи 2219037
Идентификатор авторитетной/нормативной записи RU\NLR\auth\661332568
606 0# - НАИМЕНОВАНИЕ ТЕМЫ КАК ПРЕДМЕТ
Наименование темы Газовые скважины
Тематический подзаголовок Строительство
-- Информационное обеспечение
Системный номер авторитетной/нормативной записи 2219039
Идентификатор авторитетной/нормативной записи RU\NLR\auth\661332569
686 ## - ИНДЕКСЫ ДРУГИХ КЛАССИФИКАЦИЙ
Индекс И131,7-6
701 #1 - ИМЯ ЛИЦА - АЛЬТЕРНАТИВНАЯ ОТВЕТСТВЕННОСТЬ
Код отношения Автор
Материалы, к которым относится поле rus
Графика поля Кириллица
Начальный элемент ввода Басарыгин
Часть имени, кроме начального элемента ввода Ю. М.
Даты 1944-
Расширение инициалов личного имени Юрий Михайлович
Идентификатор авторитетной/нормативной записи RU\NLR\auth\7726811
Системный номер авторитетной/нормативной записи 9849
701 #1 - ИМЯ ЛИЦА - АЛЬТЕРНАТИВНАЯ ОТВЕТСТВЕННОСТЬ
Начальный элемент ввода Будников
Часть имени, кроме начального элемента ввода В. Ф.
Код отношения Автор
701 #1 - ИМЯ ЛИЦА - АЛЬТЕРНАТИВНАЯ ОТВЕТСТВЕННОСТЬ
Код отношения Автор
Материалы, к которым относится поле rus
Графика поля Кириллица
Начальный элемент ввода Булатов
Часть имени, кроме начального элемента ввода А. И.
Даты 1931-
Расширение инициалов личного имени Анатолий Иванович
Идентификатор авторитетной/нормативной записи RU\NLR\auth\776915
Системный номер авторитетной/нормативной записи 116861
701 #1 - ИМЯ ЛИЦА - АЛЬТЕРНАТИВНАЯ ОТВЕТСТВЕННОСТЬ
Начальный элемент ввода Демихов
Часть имени, кроме начального элемента ввода В. И.
Код отношения Автор
702 #1 - ИМЯ ЛИЦА - ВТОРИЧНАЯ ОТВЕТСТВЕННОСТЬ
Код отношения Редактор
Материалы, к которым относится поле rus
Графика поля Кириллица
Начальный элемент ввода Булатов
Часть имени, кроме начального элемента ввода А. И.
Даты 1931-
Расширение инициалов личного имени Анатолий Иванович
Идентификатор авторитетной/нормативной записи RU\NLR\auth\776915
Системный номер авторитетной/нормативной записи 116861
801 #0 - ИСТОЧНИК ЗАПИСИ
Страна Российская Федерация
Организация NLR
Дата составления 20010820
Правила каталогизации PSBO
801 #1 - ИСТОЧНИК ЗАПИСИ
Страна Российская Федерация
Организация NLR
Дата составления 20010820
942 ## - ДОПОЛНИТЕЛЬНЫЕ ЭЛЕМЕНТЫ ЗАПИСИ (АБИС)
Тип экземпляра АБИС Книга
980 ## - КОЛЛЕКЦИЯ
Название коллекции Национальная библиография
Экземпляры
Тип экземпляра Дата поступления Источник поступления Библиотека постоянного хранения Библиотека текущего хранения Место хранения Шифр хранения Штрих-код Статус экземпляра
Книга 20.08.2001 Обязательный экземпляр РНБ (Московский) РНБ (Московский) Русский книжный фонд: издания с 1957 года 2001-3/11201 151009  
Книга 20.08.2001 Обязательный экземпляр РНБ (Московский) РНБ (Московский) Русский книжный фонд: издания с 1957 года 2001-3/11201 151010